000 00450nam a2200181Ia 4500
008 230524s9999 xx 000 0 und d
020 _a8178890755
082 _a402.63
_bMEH
100 _aV M Mehta
_934825
245 0 _aS.S.B. Interviews
250 _a3RD
260 _aNEW DELHI
_bVohra
300 _aXXIX;221
500 _aQuantity Number: 1
650 _aMiscellaneous
_91877
700 _a" VSM (Brigadier, Retd),,,"
_934826
942 _cBK
999 _c48543
_d48543